مكتبة جامعة عجلون الوطنية

فهرس بحث المكتبة

Normal view MARC view
  • الباقوتي، أبي الحسن علي بن الحسين الأصبهاني؛ تحقيق محمد أحمد الدالي

Entry Personal Name

Number of records used in: 1

001 - CONTROL NUMBER

  • control field: 43689

003 - CONTROL NUMBER IDENTIFIER

  • control field: JO-AjAnu

005 - DATE AND TIME OF LATEST TRANSACTION

  • control field: 20230606081235.0

008 - FIXED-LENGTH DATA ELEMENTS

  • fixed length control field: 230606|| aca||aabn | a|a d

040 ## - CATALOGING SOURCE

  • Original cataloging agency: JO-AjAnu
  • Transcribing agency: JO-AjAnu

100 ## - HEADING--PERSONAL NAME

  • Personal name: الباقوتي، أبي الحسن علي بن الحسين الأصبهاني؛ تحقيق محمد أحمد الدالي

670 ## - SOURCE DATA FOUND

  • Source citation: Work cat.: (JO-AjAnu)22368: الباقوتي، أبي الحسن علي بن الحسين الأصبهاني؛ تحقيق محمد أحمد الدالي, author, الإبانة في تفصيل ماءات القرآن وتخريجها على الوجوة التي ذكرها أرباب الصناعة